Globalizácia a možnosti jej usmerňovania cez nástroje environmentálnej politiky

Globalizačný proces a environmentálna politika. Názory ekonómov na vzťah medzi hospodárskym rastom a kvalitou životného prostredia. Kuznetsovova krivka. Štrukturálne zmeny v ekonomike, materiálová a energetická náročnosť.

Salvato in:
Dettagli Bibliografici
Autore principale: Romančíková, Eva
Natura: Capitolo di libro
Lingua:slovacco
Soggetti:
Tags: Aggiungi Tag
Nessun Tag, puoi essere il primo ad aggiungerne!!

MARC

LEADER 00000nla$a2200000$$$4500
001 0110512
005 20240502072224.3
041 0 |a slo 
044 |a SK 
245 1 0 |a Globalizácia a možnosti jej usmerňovania cez nástroje environmentálnej politiky  |c Eva Romančíková 
520 |a Globalizačný proces a environmentálna politika. Názory ekonómov na vzťah medzi hospodárskym rastom a kvalitou životného prostredia. Kuznetsovova krivka. Štrukturálne zmeny v ekonomike, materiálová a energetická náročnosť. 
610 2 0 |a politika environmentálna 
610 2 0 |a rast hospodársky 
610 2 0 |a rozvoj hospodársky 
610 2 0 |a prostredie životné 
610 2 0 |a ochrana prostredia životného 
610 2 0 |a zmeny štruktúrne 
610 2 0 |a príjmy obyvateľstva 
610 2 0 |a globalizácia 
100 1 |a Romančíková, Eva